000 01165cam a2200205 4500
001 ##L132107
008 060110n2006 000 0 eng u
035 _a(Sirsi) u132107
041 0 _aeng
050 0 4 _a306.1 $2 18
100 1 _aBennett, Jim
245 0 0 _aGateway people
_bthe aspirations and attitudes of prospective and existing residents of the Thames Gateway
260 _aLondon
_bIPPR
_c2006
520 _aReports on the qualitative research conducted by the Institute for Public Policy Research into the aspirations and attitudes of prospective and existing residents of the Thames Gateway, one of the growth areas identified within the Sustainable Communities Plan. Summarises the key issues for both groups of residents and makes recommendations to government and delivery agencies on how to make the Thames Gateway and other growth areas communities of choice.
590 _aIKA170106
690 _aPROPERTY-RESIDENTIAL PROPERTY-RESIDENTIAL PROPERTY DEVELOPMENT
700 1 _aMorris, James
856 4 0 _hhttp://www.ippr.org.uk/publicationsandreports/publication.asp?id=334
_zView the report free of charge at www.ippr.org.uk...
942 _n0
999 _c105021
_d105021